000 01535nam a2200361Ia 4500
001 ebr10424561
003 CaPaEBR
006 m u
007 cr cn|||||||||
008 100119s2010 enk sb 001 0 eng d
020 _z9781848853447 (cased)
020 _z1848853440 (cased)
040 _aCaPaEBR
_cCaPaEBR
035 _a(OCoLC)673712862
050 1 4 _aJZ1570
_b.M35 2010eb
082 0 4 _a327.492009045
_222
100 1 _aMallinson, Bill.
245 1 0 _aFrom neutrality to commitment
_h[electronic resource] :
_bDutch foreign policy, NATO and European integration /
_cWilliam Mallinson.
260 _aLondon :
_bTauris Academic Studies,
_c2010.
300 _axvi, 300 p.
490 1 _aInternational library of twentieth century history ;
_v28
504 _aIncludes bibliographical references and index.
533 _aElectronic reproduction.
_bPalo Alto, Calif. :
_cebrary,
_d2011.
_nAvailable via World Wide Web.
_nAccess may be limited to ebrary affiliated libraries.
610 2 0 _aNorth Atlantic Treaty Organization.
650 0 _aEuropean federation.
651 0 _aNetherlands
_xForeign relations
_y1948-
651 0 _aNetherlands
_xPolitics and government
_y1945-
651 0 _aEuropean Union countries
_xEconomic integration.
655 7 _aElectronic books.
_2local
710 2 _aebrary, Inc.
830 0 _aInternational library of twentieth century history ;
_v28.
856 4 0 _uhttp://site.ebrary.com/lib/rucke/Doc?id=10424561
_zAn electronic book accessible through the World Wide Web; click to view
999 _c239058
_d239058